000 00443nam a22001817a 4500
003 koha_MIRAKIL
005 20231213095428.0
008 231213b |||||||| |||| 00| 0 ||| d
020 _b978-9-75510797-4
040 _aTR-IsEVY
_btur
_cTR-IsEVY
082 _a810 ZWE/D
100 _aZWEIG, STEFAN.
245 0 _aDEĞİŞİM RÜZGAR.
260 _bCAN YAYINLARI,
_c2009
300 _a302.
650 _aTürk Edebiyatı.
942 _2ddc
_cBK
999 _c3482
_d3482